000 00351nam a2200145Ia 4500
008 151213s9999 xx 000 0 und d
100 _aF.Haque Fcy
245 _aTree Taxes of Bangladesh
_cF.Haque Fcy
260 _aDhaka
_bShamb
_c2004
300 _a2782 p.
650 _aMarketing
650 _aMarketing
700 _aF.Haque Fcy
999 _c1892
_d1892